Managerial economics markets and the firm
Guardado en:
| Autor principal: | |
|---|---|
| Formato: | Libro |
| Lenguaje: | inglés |
| Publicado: |
Mason
South-Western Cengage Learning
2008
|
| Edición: | 2nd ed. |
| Materias: | |
| Etiquetas: |
Sin Etiquetas, Sea el primero en etiquetar este registro!
|
MARC
| LEADER | 00000nam a2200000 4500 | ||
|---|---|---|---|
| 001 | 0135410 | ||
| 005 | 20240226124348.5 | ||
| 020 | |a 978-1-111-53376-2 | ||
| 020 | |a 1-111-53376-8 | ||
| 041 | 0 | |a eng | |
| 044 | |a US | ||
| 245 | 1 | 0 | |a Managerial economics |b markets and the firm |c William Boyes |
| 250 | |a 2nd ed. | ||
| 250 | |a international ed. | ||
| 264 | 1 | |a Mason |b South-Western Cengage Learning |c 2008 | |
| 300 | |a xviii, 406 s. | ||
| 610 | 2 | 0 | |a veda ekonomická |
| 610 | 2 | 0 | |a manažment |
| 610 | 2 | 0 | |a trh |
| 610 | 2 | 0 | |a bohatstvo národné |
| 610 | 2 | 0 | |a podnik |
| 610 | 2 | 0 | |a konkurencia |
| 610 | 2 | 0 | |a konkurencieschopnosť |
| 610 | 2 | 0 | |a dopyt |
| 610 | 2 | 0 | |a náklady |
| 610 | 2 | 0 | |a zisk |
| 610 | 2 | 0 | |a ceny |
| 610 | 2 | 0 | |a tvorba cien |
| 610 | 2 | 0 | |a ekonomika vedomostná |
| 610 | 2 | 0 | |a trh vnútorný |
| 610 | 2 | 0 | |a zisk ekonomický |
| 100 | 1 | |a Boyes, William | |